Future of Media Influence on Human Capital Management

Štvrtá priemyselná revolúcia alebo veľký posun. Digitálna doba. Riadenie ľudského kapitálu. Desať trendov v oblasti ľudského kapitálu. Nové pravidlá.

Guardado en:
Detalles Bibliográficos
Autor principal: Tarišková, Natália, 1973-
Formato: Capítulo de libro
Lenguaje:inglés
Materias:
Etiquetas: Agregar Etiqueta
Sin Etiquetas, Sea el primero en etiquetar este registro!

MARC

LEADER 00000naa$a2200000$$$4500
001 0248533
005 20240502073957.3
041 0 |a eng 
044 |a SK 
245 1 0 |a Future of Media Influence on Human Capital Management  |c Natália Tarišková 
520 |a Štvrtá priemyselná revolúcia alebo veľký posun. Digitálna doba. Riadenie ľudského kapitálu. Desať trendov v oblasti ľudského kapitálu. Nové pravidlá. 
610 2 0 |a manažment 
610 2 0 |a riadenie ľudských zdrojov 
610 2 0 |a kapitál ľudský 
610 2 0 |a zdroje ľudské 
610 2 0 |a priemysel 4.0 
610 2 0 |a siete sociálne 
610 2 0 |a internet 
610 2 0 |a médiá 
100 1 |a Tarišková, Natália, 1973-